| 000 | 01289nac a22003011u 4500 | ||
|---|---|---|---|
| 010 | _a 2006019253 | ||
| 020 | _a0275990788 (alk. paper) | ||
| 020 | _a9780275990787 (alk. paper) | ||
| 035 | _a(OCoLC)ocm70107078 | ||
| 035 | _a(OCoLC)70107078 | ||
| 082 | 0 | 0 |
_a297.2/72 _bD3911 |
| 090 |
_c2772 _d2772 |
||
| 100 | _aDemant, Peter R., | ||
| 245 | 1 | 0 |
_aIslam vs. Islamism : _bthe dilemma of the Muslim world / _cPeter R. Demant ; foreword by Asghar Ali Engineer. |
| 246 | 3 | _aIslam versus Islamism | |
| 260 |
_aWestport, Conn. : _bPraeger,2006 _c2006. |
||
| 300 |
_axxviii, 279 p. : _bill., maps ; _c25 cm. |
||
| 504 | _aIncludes bibliographical references (p. [245]-252) and index. | ||
| 650 | 0 |
_aIslam _y21st century. |
|
| 650 | 0 |
_aIslamic renewal _zIslamic countries. |
|
| 650 | 0 |
_aIslamic fundamentalism _zIslamic countries. |
|
| 650 | 0 |
_aIslam and politics _zIslamic countries. |
|
| 650 | 0 |
_aReligious awakening _xIslam. |
|
| 651 | 0 |
_aIslamic countries _xPolitics and government. |
|
| 856 | 4 | 1 |
_3Table of contents only _uhttp://www.loc.gov/catdir/toc/ecip0615/2006019253.html |
| 942 |
_cBB _k297.272D3911 |
||
| 999 |
_c2772 _d2772 |
||